Retail warehouse and shopping park development pipeline (Record no. 76212)

MARC details
000 -LEADER
fixed length control field 01193cab a2200193 4500
001 - CONTROL NUMBER
control field ##L131637
008 - FIXED-LENGTH DATA ELEMENTS--GENERAL INFORMATION
fixed length control field 051121n2005 000 0 eng u
035 ## - SYSTEM CONTROL NUMBER
System control number (Sirsi) u131637
041 0# - LANGUAGE CODE
Language code of text/sound track or separate title eng
100 1# - MAIN ENTRY--PERSONAL NAME
Personal name Heaps, Patrick
245 00 - TITLE STATEMENT
Title Retail warehouse and shopping park development pipeline
Remainder of title those who will occupy new space and the prevailing investment market
260 ## - PUBLICATION, DISTRIBUTION, ETC.
Date of publication, distribution, etc. 2005
490 #0 - SERIES STATEMENT
Series statement Journal of Retail and Leisure Property
Volume/sequential designation 4(4) 2005, 352-358(7)
520 ## - SUMMARY, ETC.
Summary, etc. This paper focuses on the retail warehouse shopping park and leisure market, but specifically on the pipeline. As a sector it outperformed all other property markets in the last ten years, with returns surpassing all other forms of retail property investment. It is generally believed that the sector will be at the forrefront of the wider retail market. 2004 was a strong year for this sector, and in the first half of 2005 confirmed transactions, together with deal speculation, suggest that this year will be no different. [Taken from journal abstract.]
590 ## - LOCAL NOTE (RLIN)
Local note IKA221105
690 ## - LOCAL SUBJECT ADDED ENTRY--TOPICAL TERM (OCLC, RLIN)
Topical term or geographic name as entry element PROPERTY-COMMERCIAL PROPERTY-RETAIL PROPERTY-OUT OF TOWN RETAIL PROPERTY
700 1# - ADDED ENTRY--PERSONAL NAME
Personal name Mather, Jonathan
942 ## - ADDED ENTRY ELEMENTS (KOHA)
Suppress in OPAC 0
Holdings
Withdrawn status Lost status Source of classification or shelving scheme Damaged status Not for loan Home library Current library Shelving location Date acquired Total Checkouts Barcode Date last seen Copy number Price effective from Koha item type
    Dewey Decimal Classification     London London Journal article 21/11/2005   L131637 06/08/2019 1 06/08/2019 Journal article